Equivariant surgery theories and their periodicity properties
Αποθηκεύτηκε σε:
| Κύριος συγγραφέας: | |
|---|---|
| Άλλοι συγγραφείς: | |
| Μορφή: | Βιβλίο |
| Γλώσσα: | English |
| Δημοσίευση: |
Berlin : New York :
Springer-Verlag,
c1990
|
| Σειρά: | Lecture notes in mathematics (Springer-Verlag)
; 1443 |
| Θέματα: | |
| Ετικέτες: |
Προσθήκη ετικέτας
Δεν υπάρχουν, Καταχωρήστε ετικέτα πρώτοι!
|
MARC
| LEADER | 00000cam a2200000 i 4500 | ||
|---|---|---|---|
| 001 | 1/29594 | ||
| 008 | 941103s1990 eng d | ||
| 020 | |a 3540530428 | ||
| 020 | |a 0387530428 | ||
| 035 | |l 10038358 | ||
| 035 | |a 1993 | ||
| 040 | |a GR-MY-UA |b gre |e aacr | ||
| 041 | 0 | |a eng | |
| 082 | 0 | |a 514.72 |2 (20) | |
| 100 | 1 | |a Dovermann, Karl Heinz |d 1948- | |
| 245 | 1 | 0 | |a Equivariant surgery theories and their periodicity properties / |c Karl Heinz Dovermann, Reinhard Schultz |
| 260 | |a Berlin : |a New York : |b Springer-Verlag, |c c1990 | ||
| 300 | |a vi, 227 p.; |b ill.; |c 24 cm | ||
| 490 | 1 | |a Lecture notes in mathematics (Springer-Verlag) |v ; 1443 | |
| 504 | |a Includes bibliographical references and indexes | ||
| 650 | 0 | 0 | |a Surgery (Topology) |
| 650 | 0 | 0 | |a Topological transformation groups. |
| 650 | 0 | 0 | |a K-theory. |
| 700 | 1 | |a Schultz, Reinhard |d 1943- | |
| 830 | 0 | |a Lecture notes in mathematics (Springer-Verlag) |v ; 1443 | |
| 852 | |a INST |b SAMOS |e 19941103 |h 514.72 DOV |p 005300008241 |q 005300008241 |t BK |y 0 | ||
| 909 | |a Σ |b 029295 | ||